| 000 | 00852nam a22002537a 4500 | ||
|---|---|---|---|
| 005 | 20170123162317.0 | ||
| 010 | _a475775 | ||
| 020 | _c3.00 | ||
| 035 | _a475775 | ||
| 037 | _bCen Lib/Ret | ||
| 040 |
_aDPL _bUR |
||
| 082 |
_a847 _bش و ک |
||
| 100 |
_aاحمد جمال پاشا _9115217 |
||
| 245 |
_aشوکت تھانوی کی مزہتیہ صحافت / _cاحمد جمال پاشا |
||
| 246 |
_aShokat Thanvi ki mizahiya sahafat / _bby Ahmad Jamal Pasha |
||
| 260 |
_aیو پی _bبینچ پبلشرس _c1967 |
||
| 270 |
_a٤٠، بے اردو بازار _bیو پی |
||
| 300 |
_a109p. _c19cm(Hb) |
||
| 650 |
_a ادب - اردو _v _9115218 |
||
| 650 |
_aاردو سوانح عمری _9115219 |
||
| 650 |
_aLiterature -- Urdu _9115220 |
||
| 650 |
_aUrdu biography _9511 |
||
| 942 |
_2ddc _cUR _h847 _mش و ک |
||
| 999 |
_c106801 _d106801 |
||